000 00510nam a2200181Ia 4500
001 18051
005 20260306171602.0
008 260306s9999||||xx |||||||||||||| ||und||
041 _aESP
082 _a658.4
_bE91
100 _aEsquembre, Juan Francisco
_eAUT
245 0 _aGerente profesional de proyectos:
_bcómo gestionar con éxito su proyecto de certificación profesional PMP
260 _c2015
300 _a741 páginas :
_c23 cm.
650 _aGEN
654 _aCAN
942 _cLIB
_dJUS
_fJUS
_2ddc
_n
999 _c18051
_d18051